Historyczna Prawda czy Fałsz #2 - Statystyki

Ogólne statystyki
  • Ten quiz został rozwiązany 1 249 razy
  • Średni wynik to 14 z 18
Statystyki odpowiedzi
Zagadnienie Odpowiedź % Poprawnych
ZSRR było pierwszym państwem, które wysłało satelitę na orbitę ziemską. Prawda
100%
Był w historii moment, w którym większość Półwyspu Iberyjskiego było władane przez muzułmanów. Prawda
100%
Bitwa pod Maratonem miała miejsce w starożytnej Grecji. Prawda
100%
Za młodu Adolf Hitler chciał zostać artystą. Prawda
100%
Podczas 2 wojny światowej zginęło więcej ludzi niż podczas 1 wojny światowej. Prawda
100%
W średniowiecznej Europie większość społeczeństwa stanowili chłopi. Prawda
100%
Indie nigdy nie zostały skolonizowane przez europejskie państwo. Fałsz
91%
Inkowie byli matriarchalnym społeczeństwem, w którym prawie wszystkie ważne decyzje polityczne podejmowane były przez kobiety Fałsz
91%
Cesarze w cesarskich Chinach zwykle mieli wiele konkubin. Prawda
91%
Rosją nigdy nie rządziła kobieta. Fałsz
73%
Henry Ford wynalazł samochód. Fałsz
64%
Kapsztad został pierwotnie założony przez Francuzów. Fałsz
64%
Che Guevara był pacyfistą. Fałsz
64%
Pomimo swojej reputacji jako generał, Napoleon faktycznie przegrał więcej bitew niż wygrał. Fałsz
55%
Juliusz Cezar nie miał na imię Juliusz. Prawda
55%
Abraham Lincoln był pierwszym republikanem, który został wybrany prezydentem Stanów Zjednoczonych. Prawda
55%
Osoba mówiąca w tych czasach po angielsku jest w stanie mniej lub bardziej zrozumieć staroangielski. Fałsz
45%
Miód pitny to napój wytwarzany ze sfermentowanych ziaren, takich jak jęczmień lub żyto. Fałsz
18%
Nie znaleziono quizów pasujących do podanych kryteriów
Rozkład punktacji
Procent ludzi z każdym wynikiem
Percentyl według liczby udzielonych odpowiedzi
Twoja historia wyników
Nie rozwiązałeś tego quizu